Diabetes: entiende tu padecimiento con los médicos de Clínica Mayo (Registro nro. 4079)
[ vista simple ]
| 000 -CABECERA | |
|---|---|
| campo de control de longitud fija | 00950agm a2200241 4500 |
| 005 - FECHA Y HORA DE ACTUALIZACIÓN | |
| campo de control | 20170224100517.0 |
| 008 - LONGITUD FIJA | |
| campo de control de longitud fija | 150320b xxu||||| |||| 00| 0 spa d |
| 041 ## - IDIOMA | |
| Código de idioma del texto/pista de sonido o título separado | |
| 082 ## - CLASIFICACIÓN DECIMAL DEWEY | |
| Número de clasificación | 310 DVD |
| 110 ## - AUTOR CORPORATIVO | |
| Nombre de entidad corporativa | Clínica Mayo. Soluciones Integrales |
| 245 ## - TÍTULO PROPIAMENTE DICHO | |
| Título | Diabetes: entiende tu padecimiento con los médicos de Clínica Mayo |
| 260 ## - PIE DE IMPRENTA | |
| Lugar de publicación, distribución, etc. | México |
| 260 ## - PIE DE IMPRENTA | |
| Nombre del editor, distribuidor, etc. | Clínica Mayo. Soluciones Integrales |
| -- | GAIAM |
| 260 ## - PIE DE IMPRENTA | |
| Fecha de publicación, distribución, etc. | 2009 |
| 300 ## - DESCRIPCIÓN FÍSICA | |
| Extensión | 92 minutos |
| 500 ## - NOTA GENERAL | |
| Nota general | El vídeo presenta una guía con recomendaciones para mejorar la calidad de vida en los pacientes con diabetes. Se proponen enseñan técnicas como la meditación y el yoga. El material viene acompañado de un formulario para anotar el progreso en base a las recomendaciones del video |
| 650 ## - Materia General | |
| Materia general | DIABETES |
| 650 ## - Materia General | |
| Materia general | ALIMENTACIÓN |
| 650 ## - Materia General | |
| Materia general | DIETAS |
| 650 ## - Materia General | |
| Materia general | TERAPIAS ALTERNATIVAS |
| 650 ## - Materia General | |
| Materia general | MEDITACIÓN |
| 942 ## - Punto de Acceso Adicional Koha | |
| Tipo de ítem Koha | DVD |
| Estado perdido | Estado dañado | No para préstamo | Biblioteca permanente | Biblioteca actual | Signatura completa | Código de barras | Precio efectivo a partir del | Tipo de ítem |
|---|---|---|---|---|---|---|---|---|
| Departamento de Biblioteca y Documentación Alfonso Chase Brenes | Departamento de Biblioteca y Documentación Alfonso Chase Brenes | 310 DVD | 310DVD | 22/11/2016 | DVD |